[Event "Cologne Longerich op 8th"]
[Site "Cologne"]
[Date "2011.08.13"]
[Round "3"]
[White "Maczkowiak, Thomas"]
[Black "Meinberger, Manfred"]
[Result "1-0"]
[WhiteElo "1834"]
[BlackElo "1577"]
[PlyCount "45"]
[EventDate "2011.08.12"]
[EventType "swiss"]
[EventRounds "5"]
[EventCountry "GER"]
[SourceTitle "CBM 144 Extra"]
[Source "ChessBase"]
[SourceDate "2011.10.28"]
[SourceVersion "1"]
[SourceVersionDate "2011.10.28"]
[SourceQuality "1"]

1. Nf3 Nf6 2. g3 d5 3. Bg2 Bf5 4. 0-0 e6 5. c4 c6 6. d4 dxc4 7. a4 Bd6 8. Nfd2 0-0 9. e4 Bxe4 10. Nxe4 Nd5 11. b3 cxb3 12. Qxb3 Nb4 13. a5 N8a6 14. Nxd6 Qxd6 15. Be3 Rfd8 16. Nc3 Qe7 17. Rfd1 Nd5 18. Nxd5 exd5 19. Rab1 Rd7 20. Bh3 Rdd8 21. Qxb7 Qxb7 22. Rxb7 Nb8 23. Bf4 1-0